Platíme náklady na vlastné zotročenie
Bankovníctvo a zásoba peňazí. Aplikácia úrokových sadzieb. Pohyblivé úrokové sadzby a ich využitie. Banky a vlastníctvo peňazí. Banky slúžia sami sebe. Transfer majetku. Pre klientov je to dobré "len na papieri" v ich vzťahu s bankou. Banky vyrábajú peniaze z ničoho. Pokračovanie.
Saved in:
| Main Author: | |
|---|---|
| Format: | Book Chapter |
| Language: | Slovak |
| Subjects: | |
| Tags: |
No Tags, Be the first to tag this record!
|
MARC
| LEADER | 00000naa$a2200000$$$4500 | ||
|---|---|---|---|
| 001 | 0082179 | ||
| 005 | 20231016085656.6 | ||
| 041 | 0 | |a slo | |
| 044 | |a SK | ||
| 245 | 1 | 0 | |a Platíme náklady na vlastné zotročenie |c Michael Rowbotham |
| 520 | |a Bankovníctvo a zásoba peňazí. Aplikácia úrokových sadzieb. Pohyblivé úrokové sadzby a ich využitie. Banky a vlastníctvo peňazí. Banky slúžia sami sebe. Transfer majetku. Pre klientov je to dobré "len na papieri" v ich vzťahu s bankou. Banky vyrábajú peniaze z ničoho. Pokračovanie. | ||
| 610 | 2 | 0 | |a banky |
| 610 | 2 | 0 | |a bankovníctvo |
| 610 | 2 | 0 | |a peniaze |
| 610 | 2 | 0 | |a sadzby úrokové |
| 100 | 1 | |a Rowbotham, Michael | |